[Event "TCh-CHN 2015"]
[Site "China CHN"]
[Date "2015.04.10"]
[Round "1.1"]
[Board "1"]
[White "Lu, Shanglei"]
[Black "Inarkiev, Ernesto"]
[Result "1-0"]
[WhiteTitle "GM"]
[BlackTitle "GM"]
[WhiteElo "2570"]
[BlackElo "2706"]
[WhiteTeam "Zhejiang"]
[BlackTeam "Qingdao"]
[WhiteFideId "8603332"]
[BlackFideId "4162722"]
[EventDate "2015.04.10"]

1. e4 e5 2. Nf3 Nc6 3. c3 Nf6 4. d4 d5 5. Bb5 exd4 6. Nxd4 Bd7 7. Bxc6 bxc6 8.
e5 Ne4 9. O-O Be7 10. f3 Nc5 11. Be3 O-O 12. b4 Nb7 13. f4 f5 14. c4 Bxb4 15.
cxd5 cxd5 16. Qb3 c5 17. Qxd5+ Rf7 18. Nc2 Bb5 19. Rd1 Qe8 20. Qf3 Rd8 21. Rxd8
Nxd8 22. Nba3 Bd3 23. Rd1 Rd7 24. Nxb4 cxb4 25. Bf2 Be4 26. Qb3+ Ne6 27. Rxd7
Qxd7 28. Nb5 Qd5 29. Qxb4 Qd1+ 30. Qe1 Qg4 31. Bg3 Nxf4 32. Nd6 Ne2+ 33. Kf2
Nxg3 34. hxg3 Bd5 35. Qd2 Be6 36. Nb5 h6 37. Nd4 Bd5 38. Ne2 Qc4 39. a3 Qc5+ 40.
Kf1 Bc4 41. Qf4 Qb5 42. Qe3 a5 43. Kf2 Qb2 44. Kf3 Ba6 45. Nd4 Bb7+ 46. Kf4 Qxg2
47. e6 Qe4+ 48. Qxe4 fxe4 49. Nf5 Ba8 50. Ke5 g6 51. Nxh6+ Kf8 52. Kd6 e3 53.
e7+ Ke8 54. Ng4 Kf7 55. Nxe3 Bf3 56. Kd7 1-0

[Event "TCh-CHN 2015"]
[Site "China CHN"]
[Date "2015.04.10"]
[Round "1.1"]
[Board "2"]
[White "Matlakov, Maxim"]
[Black "Mu, Ke"]
[Result "1-0"]
[WhiteTitle "GM"]
[WhiteElo "2693"]
[BlackElo "2392"]
[WhiteTeam "Zhejiang"]
[BlackTeam "Qingdao"]
[WhiteFideId "4168003"]
[BlackFideId "8602778"]
[EventDate "2015.04.10"]

1. c4 Nf6 2. Nc3 c5 3. Nf3 d5 4. cxd5 Nxd5 5. g3 Nc6 6. Bg2 Nc7 7. a3 e5 8. b4
f6 9. Rb1 c4 10. b5 Na5 11. Qa4 b6 12. O-O Bf5 13. d3 cxd3 14. Rd1 Qc8 15. exd3
Be7 16. Nh4 Bg4 17. Bxa8 Nxa8 18. Nd5 Bxd1 19. Qxd1 Kf7 20. Bd2 g6 21. d4 Rd8
22. Nxe7 Kxe7 23. dxe5 Kf7 24. Nf3 Qf5 25. Rc1 Rd3 26. Rc3 Rxc3 27. Bxc3 Nc7 28.
exf6 Nc4 29. Qd8 Nd5 30. Ne5+ 1-0

[Event "TCh-CHN 2015"]
[Site "China CHN"]
[Date "2015.04.10"]
[Round "1.1"]
[Board "3"]
[White "Lan, Zilun"]
[Black "Ma, Zhonghan"]
[Result "1/2-1/2"]
[BlackTitle "IM"]
[WhiteElo "2180"]
[BlackElo "2468"]
[WhiteTeam "Zhejiang"]
[BlackTeam "Qingdao"]
[WhiteFideId "8604193"]
[BlackFideId "8607206"]
[EventDate "2015.04.10"]

1. d4 d6 2. e4 Nf6 3. Nc3 g6 4. h3 Bg7 5. Nf3 O-O 6. Be3 c6 7. a4 Qc7 8. Be2 e5
9. dxe5 dxe5 10. O-O Nh5 11. Bc4 Nf4 12. Qb1 Be6 13. Qa2 Nd7 14. Rfd1 Bxc4 15.
Qxc4 Nb6 16. Qa2 Ne6 17. a5 Nd7 18. Rd2 Nf6 19. Rad1 Rfe8 20. Ng5 Nxg5 21. Bxg5
Rad8 22. Be3 Rxd2 23. Rxd2 a6 24. b4 Bf8 25. Qc4 Qc8 26. Bc5 Rd8 27. Rxd8 Qxd8
28. Bxf8 Kxf8 29. Na4 Nd7 30. Qd3 Qe7 31. Qd2 Qe6 32. c4 Qxc4 33. Qxd7 Qc1+ 1/2-1/2

[Event "TCh-CHN 2015"]
[Site "China CHN"]
[Date "2015.04.10"]
[Round "1.1"]
[Board "5"]
[White "Yuan, Ye"]
[Black "Ding, Yixin"]
[Result "0-1"]
[BlackTitle "WGM"]
[WhiteElo "2114"]
[BlackElo "2434"]
[WhiteTeam "Qingdao"]
[BlackTeam "Zhejiang"]
[WhiteFideId "8608415"]
[BlackFideId "8602972"]
[EventDate "2015.04.10"]

1. d4 Nf6 2. c4 e6 3. g3 Bb4+ 4. Bd2 a5 5. Bg2 d6 6. Nf3 Nbd7 7. O-O e5 8. Bg5
exd4 9. Nxd4 O-O 10. a3 Bc5 11. Nc3 h6 12. Bxf6 Nxf6 13. e3 c6 14. Rb1 Bg4 15.
Qd2 a4 16. h3 Bd7 17. Rfd1 Re8 18. Kh2 Qc8 19. Rbc1 Re5 20. g4 Qc7 21. Kh1 Ra5
22. Qd3 Re7 23. f4 Bxg4 24. hxg4 Nxg4 25. Rf1 Rxe3 26. Qd1 Rg3 27. Qe1 Re3 28.
Qd1 Bxd4 29. Qxg4 Qe7 30. f5 Qe5 31. Ne4 g6 32. Rcd1 h5 33. Qh4 Kg7 34. Ng5 Bb6
35. Nh3 Rg3 36. Rde1 Rg4 37. Rxe5 Rxh4 38. Rxa5 Bxa5 39. fxg6 fxg6 40. Rf4 Rxf4
41. Nxf4 Kf6 42. Nd3 g5 43. Be4 g4 44. Kg2 h4 45. Nf2 Kg5 46. Bc2 Bc7 47. Bd1
h3+ 48. Kh1 Kf4 49. Nxg4 Kg3 50. Ne3 Kf4 51. Nf1 Ke4 52. Bxa4 Kd3 53. Bb3 Bb6
54. Kh2 Bd4 55. Ba2 Kc2 56. c5 Kxb2 57. Be6 dxc5 58. a4 Ka3 59. a5 Kb4 60. Bc8
c4 61. a6 c3 62. Bf5 bxa6 63. Bc2 Ka3 64. Ng3 Be5 0-1

[Event "TCh-CHN 2015"]
[Site "China CHN"]
[Date "2015.04.10"]
[Round "1.2"]
[Board "1"]
[White "Gao, Rui"]
[Black "Lin, Chen"]
[Result "1-0"]
[WhiteTitle "GM"]
[BlackTitle "IM"]
[WhiteElo "2533"]
[BlackElo "2448"]
[WhiteTeam "Hangzhou"]
[BlackTeam "Jiangsu"]
[WhiteFideId "8602387"]
[BlackFideId "8602298"]
[EventDate "2015.04.10"]

1. e4 e5 2. Nf3 Nc6 3. Bb5 Nf6 4. d3 d6 5. O-O Be7 6. c3 O-O 7. Nbd2 a6 8. Bxc6
bxc6 9. d4 exd4 10. cxd4 Re8 11. Qc2 Bd7 12. Re1 Bf8 13. b3 Qb8 14. Bb2 Qb5 15.
h3 Re6 16. d5 cxd5 17. Nd4 Qb7 18. Nxe6 fxe6 19. Bxf6 gxf6 20. exd5 exd5 21. Qc3
f5 22. Qg3+ Kh8 23. Nf3 d4 24. Nxd4 Bg7 25. Qh4 c5 26. Nf3 Bc6 27. Re7 Qb4 28.
Qxb4 cxb4 29. Rc1 Bxf3 30. gxf3 Bc3 31. Rd1 Rd8 32. Rd5 Be5 33. Ra7 Rc8 34. Rxa6
Kg7 35. Rb5 Kf6 36. Rxb4 Rc1+ 37. Kg2 f4 38. Rc4 Rb1 39. Rac6 Ra1 40. Rc2 Kf5
41. Rd2 h5 42. a4 h4 43. Rcxd6 Bxd6 44. Rxd6 Ke5 45. Rb6 Ra3 46. Rb5+ 1-0

[Event "TCh-CHN 2015"]
[Site "China CHN"]
[Date "2015.04.10"]
[Round "1.2"]
[Board "3"]
[White "Bai, Jinshi"]
[Black "Yu, Ruiyuan"]
[Result "1/2-1/2"]
[WhiteTitle "IM"]
[BlackTitle "GM"]
[WhiteElo "2518"]
[BlackElo "2571"]
[WhiteTeam "Hangzhou"]
[BlackTeam "Jiangsu"]
[WhiteFideId "8602280"]
[BlackFideId "8603090"]
[EventDate "2015.04.10"]

1. d4 d5 2. c4 c6 3. Nf3 Nf6 4. Nc3 dxc4 5. a4 Bf5 6. e3 e6 7. Bxc4 Bb4 8. O-O
Nbd7 9. Qe2 O-O 10. e4 Bg6 11. Bd3 Bh5 12. Bc2 e5 13. Qc4 Bd6 14. Nxe5 Nxe5 15.
dxe5 Bxe5 16. h3 Re8 17. f4 Qd4+ 18. Qxd4 Bxd4+ 19. Kh2 Bxc3 20. bxc3 Be2 21.
Re1 Bc4 22. Ba3 g6 23. Rad1 b5 24. a5 Re6 25. g4 a6 26. Bc5 Ree8 27. Kg3 Rac8
28. f5 Rc7 29. Rd6 Nd7 30. Be3 c5 31. Red1 Ne5 32. Rd8 Rxd8 33. Rxd8+ Kg7 34.
Bf4 f6 35. g5 Rc6 36. Bxe5 fxe5 37. f6+ Kf7 38. Rh8 Rd6 39. Rxh7+ Kg8 40. Rg7+
Kf8 41. h4 Bf7 42. Rh7 Kg8 43. Rg7+ Kf8 44. Rh7 Rd2 45. Rh8+ Bg8 46. h5 gxh5 47.
Kf3 Kf7 1/2-1/2

[Event "TCh-CHN 2015"]
[Site "China CHN"]
[Date "2015.04.10"]
[Round "1.2"]
[Board "5"]
[White "Guo, Qi"]
[Black "Gu, Tianlu"]
[Result "1-0"]
[WhiteTitle "IM"]
[BlackTitle "WIM"]
[WhiteElo "2443"]
[BlackElo "2182"]
[WhiteTeam "Jiangsu"]
[BlackTeam "Hangzhou"]
[WhiteFideId "8604002"]
[BlackFideId "8603995"]
[EventDate "2015.04.10"]

1. d4 d5 2. c4 e6 3. Nc3 c6 4. e3 Nd7 5. Qc2 Nh6 6. e4 dxe4 7. Bxh6 gxh6 8. Qxe4
Bg7 9. Nf3 c5 10. O-O-O Qa5 11. h4 cxd4 12. Nxd4 Nc5 13. Qe3 O-O 14. Rh3 f5 15.
f4 e5 16. Ndb5 Ne4 17. fxe5 a6 18. Nd4 Qxe5 19. Rf3 Rd8 20. Nc2 Rxd1+ 21. Nxd1
Be6 22. Qb6 h5 23. Rd3 Nc5 24. Rd8+ Rxd8 25. Qxd8+ Kf7 26. Qg5 f4 27. Qxe5 Bxe5
28. Nf2 Bf5 29. Be2 Kg6 30. b4 Ne6 31. Bf3 b6 32. Bb7 a5 33. c5 axb4 34. cxb6
Bd6 35. Ne4 Bxe4 36. Bxe4+ Kf6 37. Bxh7 Nc5 38. Nxb4 Nb3+ 39. axb3 Bxb4 40. Kc2
Ke7 41. b7 Bd6 42. Bg6 Kd8 43. Bxh5 Kc7 44. Bf3 1-0

[Event "TCh-CHN 2015"]
[Site "China CHN"]
[Date "2015.04.10"]
[Round "1.3"]
[Board "1"]
[White "Zhao, Jun"]
[Black "Zhu, Yi"]
[Result "0-1"]
[WhiteTitle "GM"]
[BlackTitle "FM"]
[WhiteElo "2621"]
[BlackElo "2288"]
[WhiteTeam "Shandong"]
[BlackTeam "Guangdong"]
[WhiteFideId "8602522"]
[BlackFideId "8607435"]
[EventDate "2015.04.10"]

1. e4 c5 2. Nf3 d6 3. d4 cxd4 4. Qxd4 a6 5. Be3 Nc6 6. Qd2 Nf6 7. Nc3 Bg4 8.
O-O-O e6 9. h3 Bxf3 10. gxf3 Be7 11. Rg1 O-O 12. Kb1 Ne8 13. f4 Qa5 14. Bc4 Rd8
15. Bb3 Kh8 16. Qe2 b5 17. f5 Bf6 18. fxe6 fxe6 19. Bxe6 Bxc3 20. bxc3 Qxc3 21.
Bb3 Nf6 22. f3 a5 23. Rd3 Qe5 24. Rg5 Qe8 25. Bb6 a4 26. Bxd8 Qxd8 27. Bd5 Ne5
28. Rxe5 dxe5 29. Qd2 Qe7 30. Qa5 Qc5 31. Qc3 Qe7 32. Qa5 h6 33. a3 Nh5 34. Qxb5
Qa7 35. Bb7 Nf4 36. Rd7 Qe3 37. Qxe5 Rf6 38. Rd6 Ne2 39. Ka2 Rxf3 40. Rd8+ Kh7
41. Qd6 Rf6 42. Qd2 Nc3+ 0-1

[Event "TCh-CHN 2015"]
[Site "China CHN"]
[Date "2015.04.10"]
[Round "1.3"]
[Board "2"]
[White "Liu, Qingnan"]
[Black "Li, Shilong"]
[Result "1/2-1/2"]
[WhiteTitle "IM"]
[BlackTitle "GM"]
[WhiteElo "2510"]
[BlackElo "2508"]
[WhiteTeam "Shandong"]
[BlackTeam "Guangdong"]
[WhiteFideId "8603294"]
[BlackFideId "8600678"]
[EventDate "2015.04.10"]

1. e4 c5 2. Nf3 e6 3. d4 cxd4 4. Nxd4 a6 5. Bd3 Nf6 6. O-O Qc7 7. Qe2 d6 8. c4
g6 9. Nc3 Bg7 10. Be3 O-O 11. Rac1 Nbd7 12. f4 b6 13. b4 Bb7 14. Nb3 Rfc8 15. a4
Rab8 16. Bd4 Re8 17. Qf2 Qd8 18. h3 Qe7 19. Rce1 e5 20. Be3 exf4 21. Bxf4 Ne5
22. Nd5 Bxd5 23. exd5 Qd7 24. Bxe5 dxe5 25. Nd2 Nh5 26. c5 bxc5 27. bxc5 Nf4 28.
Bxa6 Rb2 29. Rb1 Rxb1 30. Rxb1 Qxd5 31. c6 Bf8 32. Rc1 Ne6 33. c7 Bc5 34. Rxc5
Qxc5 35. Qxc5 Nxc5 36. c8=Q Rxc8 37. Bxc8 Nxa4 38. Nc4 f6 39. Be6+ Kf8 40. Kf2
Nc5 41. Bd5 Nd3+ 42. Kf3 Nf4 43. Nb6 h5 44. Bc4 Kg7 45. Nd7 g5 46. Bf1 h4 47.
Bc4 e4+ 48. Kxe4 Nxg2 49. Be6 Nf4 50. Bg4 Kg6 51. Nc5 Ng2 52. Ne6 Nf4 53. Nd4
Ng2 54. Bf5+ Kf7 55. Bd7 Nf4 56. Nc6 Kg6 57. Nb4 Kf7 58. Nd3 Kg6 59. Nf2 Ne2 60.
Bf5+ Kf7 61. Kf3 Nf4 62. Kg4 Kg7 63. Be4 Ne2 64. Bd3 Nd4 65. Nd1 Ne6 66. Kf5
Nd4+ 67. Ke4 Ne6 68. Nf2 Nf4 69. Kf5 Ng6 70. Ne4 Nf4 71. Nf2 Ng6 72. Ng4 Nf4 73.
Bf1 Nh5 74. Ne3 Nf4 75. Bg2 Kf7 76. Bf1 Kg7 77. Nc4 Nh5 78. Bg2 Nf4 79. Bf1 Nh5
80. Kg4 Nf4 81. Nd6 Kg6 82. Bc4 Kg7 83. Bb5 Kf8 84. Ba6 Ke7 85. Nf5+ Ke6 86. Ne3
Kf7 87. Bc8 Kg6 88. Bd7 Kf7 89. Kf3 Ng6 90. Ke4 Nf4 91. Bf5 Kg7 92. Kd4 Kf7 93.
Kc5 Ke7 94. Nd5+ Kf7 95. Kd6 Nxd5 96. Kxd5 g4 97. hxg4 h3 98. Be4 h2 99. Kd4 f5
100. gxf5 Kf6 101. Ke3 h1=R 102. Bxh1 Kxf5 103. Kd4 1/2-1/2

[Event "TCh-CHN 2015"]
[Site "China CHN"]
[Date "2015.04.10"]
[Round "1.3"]
[Board "3"]
[White "Wen, Yang"]
[Black "Zeng, Chongsheng"]
[Result "1-0"]
[WhiteTitle "GM"]
[BlackTitle "GM"]
[WhiteElo "2573"]
[BlackElo "2541"]
[WhiteTeam "Shandong"]
[BlackTeam "Guangdong"]
[WhiteFideId "8602956"]
[BlackFideId "8603847"]
[EventDate "2015.04.10"]

1. Nf3 Nf6 2. c4 e6 3. g3 b6 4. Bg2 Bb7 5. O-O g6 6. d4 Bg7 7. Bg5 h6 8. Bf4 O-O
9. Qc1 g5 10. Be3 Ng4 11. Bd2 Nc6 12. d5 exd5 13. cxd5 Ne7 14. h3 Nf6 15. h4 g4
16. Ne1 h5 17. d6 Nc6 18. dxc7 Qxc7 19. Bf4 Qd8 20. Bh6 Bxh6 21. Qxh6 Re8 22.
Nc3 Re6 23. Qg5+ Kh8 24. Nd3 Nh7 25. Qxh5 Qg8 26. Nf4 Re5 27. Qh6 Rae8 28. Rad1
Qf8 29. Qxf8+ Nxf8 30. Ncd5 Kg7 31. Ne3 Ba6 32. Rd2 f5 33. Rc1 R8e7 34. Nfd5 Rf7
35. Nc7 Ra5 36. Bd5 f4 37. Ne8+ Kh8 38. Bxf7 fxe3 39. fxe3 Ne5 40. Bb3 Nfg6 41.
Nf6 Bb5 42. Rc8+ Kg7 43. Nh5+ Kh6 44. Nf4 Bc6 45. Rd6 Rc5 46. Nxg6 Nxg6 47. Rh8+ 1-0

[Event "TCh-CHN 2015"]
[Site "China CHN"]
[Date "2015.04.10"]
[Round "1.3"]
[Board "4"]
[White "Munguntuul, Batkhuyag"]
[Black "Xiao, Yiyi"]
[Result "1-0"]
[WhiteTitle "IM"]
[BlackTitle "WFM"]
[WhiteElo "2426"]
[BlackElo "2218"]
[WhiteTeam "Guangdong"]
[BlackTeam "Shandong"]
[WhiteFideId "4900758"]
[BlackFideId "8606161"]
[EventDate "2015.04.10"]

1. d4 Nf6 2. Nf3 e6 3. Bf4 c5 4. e3 Be7 5. h3 b6 6. Bd3 O-O 7. O-O Bb7 8. Nbd2
d5 9. c3 Nbd7 10. Qb1 a6 11. b4 cxb4 12. cxb4 Rc8 13. a4 Rc3 14. b5 a5 15. Rc1
Qc8 16. Qb2 Bb4 17. Bd6 Re8 18. Bxb4 axb4 19. Bf1 Ne4 20. Rd1 Qc7 21. Qxb4 h6
22. Nb3 Rc2 23. Rac1 Rc8 24. Bd3 Rc3 25. Rxc3 Qxc3 26. Qxc3 Rxc3 27. Bxe4 dxe4
28. Nfd2 Bd5 29. Rb1 Rc2 30. Kf1 e5 31. Ke1 exd4 32. Nxd4 Ra2 33. Nc6 Be6 34. a5
bxa5 35. b6 Rc2 36. Nd4 Rc8 37. b7 Re8 38. Nxe4 a4 39. Nd6 Rf8 40. Ra1 Bb3 41.
Kd2 Nb8 42. Nxb3 axb3 43. Kc3 Rd8 44. Ra8 Kh7 45. Nxf7 Rf8 46. Kxb3 Rxf7 47.
Rxb8 Kg6 48. Kc4 1-0

[Event "TCh-CHN 2015"]
[Site "China CHN"]
[Date "2015.04.10"]
[Round "1.3"]
[Board "5"]
[White "Liu, Manli CHN"]
[Black "Xu, Huahua"]
[Result "1-0"]
[BlackTitle "WIM"]
[WhiteElo "2033"]
[BlackElo "2105"]
[WhiteTeam "Guangdong"]
[BlackTeam "Shandong"]
[WhiteFideId "8608121"]
[BlackFideId "8604096"]
[EventDate "2015.04.10"]

1. e4 c5 2. Nf3 Nc6 3. d4 cxd4 4. Nxd4 Nf6 5. Nc3 g6 6. Be3 Bg7 7. f3 O-O 8. Bc4
Qa5 9. Bb3 d6 10. Qd2 Nxd4 11. Bxd4 Be6 12. O-O Nd7 13. Bxg7 Kxg7 14. Kh1 Nf6
15. Qd3 Qc5 16. Ne2 Bd7 17. Nd4 a5 18. a4 Bc6 19. Rae1 e5 20. Nxc6 bxc6 21. Re3
Nh5 22. Qd2 Rad8 23. Rc3 Qb6 24. Rd3 d5 25. exd5 cxd5 26. Rxd5 Nf4 27. Rxd8 Rxd8
28. Qc3 f6 29. Qc4 Rd2 30. g3 Nh3 31. Qf7+ Kh6 32. Be6 f5 33. Qf8+ Kg5 34. Qe7+
Kh6 35. Bg8 Ng5 36. Qxe5 Rf2 37. Qe1 Rxf3 38. Bd5 Rxf1+ 39. Qxf1 Qxb2 40. h4 Nf7
41. c4 Ne5 42. Qf4+ Kg7 43. Bg2 Qc3 44. Bf1 h5 45. Qg5 Qf3+ 46. Kg1 Qb7 47. Qf4
Nf3+ 48. Kf2 Ne5 49. Qxe5+ Kh7 50. Bg2 Qd7 51. c5 Qd2+ 52. Kg1 1-0

[Event "TCh-CHN 2015"]
[Site "China CHN"]
[Date "2015.04.10"]
[Round "1.4"]
[Board "3"]
[White "Lou, Yiping"]
[Black "Ma, Qun"]
[Result "1/2-1/2"]
[WhiteTitle "IM"]
[BlackTitle "GM"]
[WhiteElo "2453"]
[BlackElo "2609"]
[WhiteTeam "Shanghai"]
[BlackTeam "Tianjing"]
[WhiteFideId "8603928"]
[BlackFideId "8603154"]
[EventDate "2015.04.10"]

1. d4 d5 2. c4 c6 3. Nc3 Nf6 4. e3 g6 5. Nf3 Bg7 6. Be2 O-O 7. O-O dxc4 8. Bxc4
Bg4 9. Be2 Qb6 10. h3 Bxf3 11. Bxf3 Rd8 12. Qc2 Nbd7 13. b3 e5 14. Bb2 exd4 15.
Na4 Qc7 16. Bxd4 Ne8 17. Bxg7 Nxg7 18. Rad1 Ne6 19. Be2 Qe5 20. Qc3 Qxc3 21.
Nxc3 Nb6 22. Rxd8+ Rxd8 23. Rd1 Rxd1+ 24. Bxd1 Kf8 25. Kf1 Ke7 26. Ke1 a5 27.
Kd2 Nd7 28. f4 Ndc5 29. Bf3 f5 30. g4 Kf6 31. g5+ Kg7 32. Ne2 h6 33. h4 h5 34.
Kc3 1/2-1/2

[Event "TCh-CHN 2015"]
[Site "China CHN"]
[Date "2015.04.10"]
[Round "1.5"]
[Board "3"]
[White "Xiu, Deshun"]
[Black "Liu, Guanchu"]
[Result "1/2-1/2"]
[WhiteTitle "GM"]
[BlackTitle "IM"]
[WhiteElo "2557"]
[BlackElo "2379"]
[WhiteTeam "Beijing"]
[BlackTeam "Chengdu"]
[WhiteFideId "8603693"]
[BlackFideId "8603901"]
[EventDate "2015.04.10"]

1. c4 f5 2. Nf3 Nf6 3. d4 g6 4. g3 Bg7 5. Bg2 O-O 6. O-O d6 7. Nc3 c6 8. Rb1 Ne4
9. Qc2 Kh8 10. Rd1 Qe8 11. d5 Nxc3 12. bxc3 Nd7 13. Be3 Nb6 14. Bxb6 axb6 15.
Rxb6 c5 16. Ng5 Ra3 17. Rb3 Qa4 18. Rd2 Rxb3 19. Qxb3 Qxb3 20. axb3 Bxc3 21. Ra2
Kg7 22. Ra7 h6 23. Ne6+ Bxe6 24. dxe6 Kf6 25. Bd5 Rb8 26. f4 b5 27. Kg2 bxc4 28.
Bxc4 g5 29. Kf3 gxf4 30. gxf4 Rg8 31. e3 h5 32. Ra2 h4 33. Rc2 Bb4 34. Rg2 Rxg2
35. Kxg2 Bd2 36. Kf3 Bc1 37. h3 Bd2 1/2-1/2

[Event "TCh-CHN 2015"]
[Site "China CHN"]
[Date "2015.04.10"]
[Round "1.5"]
[Board "5"]
[White "Ren, Xiaoyi"]
[Black "Wang, Jue"]
[Result "1/2-1/2"]
[BlackTitle "WGM"]
[WhiteElo "2211"]
[BlackElo "2365"]
[WhiteTeam "Chengdu"]
[BlackTeam "Beijing"]
[WhiteFideId "8608709"]
[BlackFideId "8604070"]
[EventDate "2015.04.10"]

1. Nf3 Nf6 2. c4 g6 3. d4 Bg7 4. Nc3 d6 5. e4 O-O 6. Be2 Na6 7. O-O e5 8. dxe5
dxe5 9. Bg5 Qe8 10. Qc1 c6 11. Rd1 Nc5 12. Qe3 Ne6 13. Rd6 Ng4 14. Qd2 f6 15.
Bh4 Nh6 16. Qc2 g5 17. Bg3 g4 18. Nh4 Nd4 19. Qd1 Nf7 20. Rxd4 exd4 21. Qxd4 f5
22. Qe3 Bh6 23. Bf4 Bxf4 24. Qxf4 Qe5 25. Qxe5 Nxe5 26. c5 f4 27. f3 gxf3 28.
Nxf3 Nd7 29. Bc4+ Kg7 30. Na4 Re8 31. Re1 Ne5 32. Nxe5 Rxe5 33. Kf2 Bg4 34. Be2
Be6 35. Kf3 Bxa2 36. Kxf4 Rae8 37. Nc3 Ra8 38. Na4 Rae8 39. Nc3 Bb3 40. Ra1 a6
41. Ra5 Kf6 42. Bf3 Rd8 43. Ke3 Bc4 44. h4 b6 45. Ra4 Rxc5 46. e5+ Kxe5 47. b4
Rd3+ 48. Kf2 Rxc3 49. bxc5 bxc5 50. Bxc6 Bb5 51. Re4+ Kd6 52. Bb7 c4 53. Rf4 Ke7
54. Be4 h6 55. Rf5 Ra3 56. Re5+ Kd6 57. Rd5+ Ke6 58. Rh5 c3 59. Ke3 c2+ 60. Kd2
Ba4 61. Ra5 Rc3 62. Kc1 Bb5 63. Bxc2 Ke5 64. g4 Kd4 65. g5 hxg5 66. hxg5 Bd3 67.
Ra2 Rc5 68. Kd2 Bb5 69. g6 Rg5 70. Ra3 Rg2+ 71. Kc1 Rg1+ 1/2-1/2

[Event "TCh-CHN 2015"]
[Site "China CHN"]
[Date "2015.04.10"]
[Round "1.6"]
[Board "1"]
[White "Zhou, Weiqi"]
[Black "Wan, Yunguo"]
[Result "1-0"]
[WhiteTitle "GM"]
[BlackTitle "IM"]
[WhiteElo "2627"]
[BlackElo "2477"]
[WhiteTeam "Chongqing"]
[BlackTeam "Heibei"]
[WhiteFideId "8601674"]
[BlackFideId "8603189"]
[EventDate "2015.04.10"]

1. c4 Nf6 2. Nc3 g6 3. e4 d6 4. d4 Bg7 5. Nf3 O-O 6. h3 e5 7. d5 Nh5 8. g3 f5 9.
exf5 gxf5 10. Ng5 Qe8 11. Bg2 e4 12. O-O Na6 13. Re1 Qg6 14. Ne6 Bxe6 15. dxe6
Bxc3 16. bxc3 Nc5 17. e7 Rf7 18. Ba3 Nd3 19. Re3 Re8 20. Rxd3 exd3 21. Qxd3
Rfxe7 22. c5 dxc5 1-0

[Event "TCh-CHN 2015"]
[Site "China CHN"]
[Date "2015.04.10"]
[Round "1.6"]
[Board "2"]
[White "Bu, Xiangzhi"]
[Black "Wang, Rui"]
[Result "1-0"]
[WhiteTitle "GM"]
[BlackTitle "GM"]
[WhiteElo "2681"]
[BlackElo "2403"]
[WhiteTeam "Chongqing"]
[BlackTeam "Heibei"]
[WhiteFideId "8601445"]
[BlackFideId "8601003"]
[EventDate "2015.04.10"]

1. Nf3 Nf6 2. c4 c6 3. d4 d5 4. Qc2 dxc4 5. Qxc4 Bg4 6. Nbd2 Nbd7 7. g3 e6 8.
Bg2 Be7 9. O-O O-O 10. b3 Qa5 11. h3 Bf5 12. Bb2 Ne4 13. Qc1 Nxd2 14. Nxd2 Rac8
15. Nc4 Qa6 16. e4 Bg6 17. a4 Rfd8 18. Qc3 Bf8 19. Rfd1 b6 20. e5 Qb7 21. b4 Qb8
22. Rac1 h6 23. Qb3 Be7 24. b5 cxb5 25. axb5 Rc7 26. Ba3 Bxa3 27. Qxa3 f6 28. f4
fxe5 29. fxe5 Kh7 30. Nd6 Nf8 31. Rc6 1-0

[Event "TCh-CHN 2015"]
[Site "China CHN"]
[Date "2015.04.10"]
[Round "1.6"]
[Board "3"]
[White "Wang, Chen"]
[Black "Zhang, Ziji"]
[Result "1-0"]
[WhiteTitle "IM"]
[WhiteElo "2500"]
[BlackElo "2223"]
[WhiteTeam "Chongqing"]
[BlackTeam "Heibei"]
[WhiteFideId "8601020"]
[BlackFideId "8609470"]
[EventDate "2015.04.10"]

1. e4 c5 2. Nc3 Nc6 3. g3 g6 4. Bg2 Bg7 5. Nh3 e6 6. O-O Nge7 7. d3 O-O 8. Be3
Nd4 9. Qd2 d6 10. Kh1 Rb8 11. Bh6 b5 12. Bxg7 Kxg7 13. f4 b4 14. Nd1 Bd7 15. Ne3
f5 16. Rae1 Qc7 17. c3 bxc3 18. bxc3 Ndc6 19. exf5 gxf5 20. Nc4 Ng6 21. Ng5 Rbe8
22. d4 d5 23. Nb2 Qa5 24. dxc5 Qxc5 25. c4 d4 26. Nd3 Qd6 27. c5 Qc7 28. Nb4
Nxb4 29. Qxb4 e5 30. fxe5 Nxe5 31. Qxd4 Kg6 32. Nh3 1-0

[Event "TCh-CHN 2015"]
[Site "China CHN"]
[Date "2015.04.10"]
[Round "1.6"]
[Board "4"]
[White "Zhai, Mo"]
[Black "Huang, Qian"]
[Result "1/2-1/2"]
[WhiteTitle "WIM"]
[BlackTitle "WGM"]
[WhiteElo "2324"]
[BlackElo "2473"]
[WhiteTeam "Heibei"]
[BlackTeam "Chongqing"]
[WhiteFideId "8600201"]
[BlackFideId "8602689"]
[EventDate "2015.04.10"]

1. d4 Nf6 2. c4 g6 3. Nc3 Bg7 4. e4 d6 5. Nf3 O-O 6. Be2 c6 7. O-O a6 8. h3 b5
9. e5 Ne8 10. Bf4 Nd7 11. Re1 Bb7 12. Bf1 dxe5 13. dxe5 Nc7 14. Bg5 Ne6 15. Bh4
Re8 16. a3 Nb6 17. Ne4 Qxd1 18. Raxd1 bxc4 19. Nfd2 Bxe5 20. Bxc4 Nd5 21. Nb3
Rab8 22. Nbc5 Nxc5 23. Nxc5 Bd6 24. Nxb7 Rxb7 25. Bxd5 cxd5 26. Rxd5 Rc8 27. Rd2
Kg7 28. Bg5 f6 29. Be3 Kf7 30. Bd4 a5 31. g3 Rc4 32. Kg2 a4 33. Re3 e5 34. Bc3
Ke6 35. Red3 Be7 36. h4 h5 37. Rd5 Rc5 38. Rxc5 Bxc5 39. Rd8 Be7 40. Rc8 Bd6 41.
Rc6 Re7 42. Kf3 Re8 43. Ke3 g5 44. hxg5 fxg5 45. Kf3 1/2-1/2

[Event "TCh-CHN 2015"]
[Site "China CHN"]
[Date "2015.04.10"]
[Round "1.6"]
[Board "5"]
[White "Wang, Doudou"]
[Black "Tan, Zhongyi"]
[Result "0-1"]
[WhiteTitle "WIM"]
[BlackTitle "WGM"]
[WhiteElo "2205"]
[BlackElo "2487"]
[WhiteTeam "Heibei"]
[BlackTeam "Chongqing"]
[WhiteFideId "8603197"]
[BlackFideId "8603642"]
[EventDate "2015.04.10"]

1. d4 Nf6 2. c4 e6 3. Nf3 Bb4+ 4. Nc3 b6 5. e3 Bb7 6. Bd3 O-O 7. O-O d5 8. cxd5
exd5 9. Bd2 a6 10. Qc2 Nbd7 11. a3 Bd6 12. e4 dxe4 13. Nxe4 Nxe4 14. Bxe4 Bxe4
15. Qxe4 Nf6 16. Qd3 Qd7 17. Rfe1 Rfe8 18. Rxe8+ Qxe8 19. Re1 Qb5 20. Qxb5 axb5
21. Kf1 Nd5 22. g3 f6 23. Ke2 Kf7 24. Kd3 g5 25. Re2 h5 26. h4 g4 27. Ne1 c5 28.
dxc5 bxc5 29. Ng2 Be5 30. Ne3 Nxe3 31. Bxe3 c4+ 32. Kc2 Rd8 33. b3 Rd3 34. bxc4
Rc3+ 35. Kd1 Rxc4 36. Rc2 Rxc2 37. Kxc2 Ke6 38. Kb3 Kd5 39. Kb4 Bd6+ 40. Kxb5
Bxa3 41. Bb6 Bd6 42. Ba7 f5 43. Be3 Bb8 44. Kb4 Ke4 45. Bc5 f4 46. gxf4 Bxf4 47.
Kc3 Kf3 48. Kd3 Bc7 49. Be3 Ba5 50. Bc5 Be1 0-1

[Event "TCh-CHN 2015"]
[Site "China CHN"]
[Date "2015.04.11"]
[Round "2.1"]
[Board "1"]
[White "Inarkiev, Ernesto"]
[Black "Wang, Rui"]
[Result "1-0"]
[WhiteTitle "GM"]
[BlackTitle "GM"]
[WhiteElo "2706"]
[BlackElo "2403"]
[WhiteTeam "Qingdao"]
[BlackTeam "Heibei"]
[WhiteFideId "4162722"]
[BlackFideId "8601003"]
[EventDate "2015.04.10"]

1. e4 c6 2. d4 d5 3. Nc3 dxe4 4. Nxe4 Bf5 5. Ng3 Bg6 6. h4 h6 7. Nf3 Nd7 8. h5
Bh7 9. Bd3 Bxd3 10. Qxd3 e6 11. Bd2 Ngf6 12. O-O-O Qc7 13. Ne4 O-O-O 14. g3 Nxe4
15. Qxe4 Nf6 16. Qe2 Bd6 17. c4 c5 18. Bc3 cxd4 19. Nxd4 a6 20. Kb1 Rd7 21. Rc1
Kb8 22. Nb3 Qc6 23. Rh4 Rc8 24. a3 Ka8 25. Ka2 Bb8 26. Na5 Qd6 27. Rd4 Qb6 28.
Rxd7 Nxd7 29. b4 Nf6 30. Bxf6 gxf6 31. c5 Qc7 32. a4 Ka7 33. Nb3 Rd8 34. b5 Ka8
35. bxa6 b6 36. Qf3+ Rd5 37. cxb6 Qxb6 38. Rc5 Qd6 39. Rxd5 exd5 40. Nd4 Qc5 41.
Qb3 1-0